| 000 | 00352nam a2200145Ia 4500 | ||
|---|---|---|---|
| 008 | 150201s1998 xx 000 0 und d | ||
| 082 |
_a617.6 _bI 1998 B |
||
| 100 | _aPETER BALL | ||
| 245 | _aINFECTIOUS DISEASES | ||
| 250 | _a1ST | ||
| 260 |
_bCHURCHILL LIVINGSTONE _aEDINBURGH _c1998 |
||
| 300 | _a1-125 | ||
| 650 | _aORAL MEDICINE | ||
| 942 |
_2ddc _cBK |
||
| 999 |
_c2761 _d2761 |
||